| 000 | 00899nam a2200229Ia 4500 | ||
|---|---|---|---|
| 003 | OSt | ||
| 005 | 20201015133523.0 | ||
| 008 | 191128s2010 ck gr 000 0 spa d | ||
| 020 | _a19008368 | ||
| 040 |
_aCO-JMCR _cCO-JMCR |
||
| 041 | 0 | _aspa | |
| 082 | 0 | 4 |
_a658.4012 / _bS684g _223 |
| 100 | 1 |
_aSolarte Ojeda, Ricardo, _eeditor _911588 |
|
| 245 | 1 | 0 |
_aGuía de planeación estratégica y financiera / _ceditor, Ricardo Solarte Ojeda |
| 260 |
_aBogotá : _bMisión Pyme, _c2010. |
||
| 300 |
_a79 páginas ; _c22 cm. |
||
| 505 | 0 | _aLa estrategia y el estratega efectivo -- Revisemos la organización y su entorno -- Determinemos el horizonte estratégico y sus propósitos -- Establezcamos como medir y evaluar -- Planeación financiera -- Portafolio Colpatria | |
| 650 | 2 | 4 |
_aEstrategia financiera _911589 |
| 650 | 2 | 4 |
_aMedición financiera _911590 |
| 650 | 2 | 4 |
_aNegocios _911591 |
| 942 |
_2ddc _cBK |
||
| 999 |
_c6357 _d6357 |
||